000 00289nam a2200121Ia 4500
008 191201s2013 xx 000 0 und d
100 _aARORA,B.L.
245 0 _aText Book Of Applied Physics-I
260 _aN. delhi
_bNew India
_c2013
300 _aNULL
650 _aApplied
942 _2ddc
_cBK
999 _c466
_d466